000
00190 a2200097 4500
001
1360
100
_a
Bishop, R.E.D.
245
_a
Vibration
260
_a
_b
Cambridge
_c
090
_c
911
_d
911
942
_a
NUST-CAE
_c
M
_c
35945
999
_c
236433
_d
236433